MDQL
is popping MORE tags! Check the
thread
!
Quizzes
Events
Quiz Creation
Community
Videos
Private Events
Remove Ads
Sign In
Join for FREE
Feedback
Dark Mode
Quiz Categories
Sports
Geography
Music
Movies
Television
Just For Fun
Miscellaneous
History
Literature
Language
Science
Gaming
Entertainment
Religion
Holiday
For Kids
Quiz Lab
Recent
Popular Today
Quiz Kudos Today
Editor Picks
Curator Picks
Quizzes by...
Day
Popularity
Type
Ratings
Length
Year
Community
Subscriptions
Recent Discussions
Orange Saloon
Badges
Playlists
Quests
Create
Leaderboards
Showdown
Live 5
Trivia Bingo
Activity
Puzzle Library
Sporcle Events
Private Events
Virtual Trivia
Globe League
Become a Host
Pub Owners
SporcleCon
Opinionation
Our Games
Videos
Blog
Mobile Apps
Partnerships
Remove Ads and Go Orange
Feedback
Gaming
Video Games
Board Games
Card Games
Pokémon
Mario
Nintendo
Minecraft
Console
Toys
Legend of Zelda
Gaming
Video Games
Board Games
Card Games
Pokémon
Mario
Nintendo
Minecraft
Console
Toys
Legend of Zelda
Random Quiz
Search Sporcle
×
Quiz Lab
Quiz Lab
Gaming
Different
Type in answers that appear in a list
Type in answers that appear in a list
Classic
Best Score? Go Orange.
Banjo Kazooie Grab Bag Stats
Can you name the different things from the original Banjo Kazooie for the N64?
By
Big_Bear
12m
100 Questions
1,232 Plays
1,232 Plays
1,232 Plays
Comments
Comments
Give Quiz Kudos
Give Quiz Kudos
-
- Ratings
hide this ad
More Info
Replay
Link that replays current quiz
Next Quiz
Link to next quiz in quiz playlist
You Got
0%
They Got
Avg Score
50%
Avg Friend Score
Upgrade to see
Score Distribution
Jump to the score distribution portion of the page
Score
0/100
Timer
12:00
0
Plays Today
Object/Item/Thing Category
Object/Item/Thing
% Correct
Main Characters
Banjo
98.5%
Main Characters
Kazooie
97.8%
Main Characters
Gruntilda
96.7%
Bosses
Gruntilda
96.7%
Main Characters
Mumbo Jumbo
95.7%
Main Characters
Bottles
91.1%
Collectibles
Musical Notes
88.3%
Worlds
Mumbo's Mountain
85.9%
Collectibles
Honeycomb Pieces
85.9%
Main Characters
Tooty
85.5%
Collectibles
Red Feathers
84.8%
Collectibles
Blue Eggs
84.5%
Jinjo Colours
Blue
84.4%
Collectibles
Gold Feathers
83.9%
Jinjo Colours
Yellow
82.9%
Worlds
Treasure Trove Cove
82.8%
Jinjo Colours
Green
82.8%
Worlds
Clanker's Cavern
81.9%
Other Areas
Spiral Mountain
81.1%
Worlds
Click Clock Wood
80.4%
Jinjo Colours
Orange
80.3%
Worlds
Bubblegloop Swamp
80.1%
Collectibles
Jigsaw Pieces
79.6%
Collectibles
Mumbo Tokens
79.1%
Worlds
Gobi's Valley
79%
Worlds
Rusty Bucket Bay
78.7%
Worlds
Mad Monster Mansion
77.6%
Other Areas
Gruntilda's Lair
77.5%
Mumbo Transformations
Bee
77.3%
Jinjo Colours
Pink
76.9%
Mumbo Transformations
Termite
76%
Mumbo Transformations
Pumpkin
75.5%
Worlds
Freezeezy Peak
75.4%
Mumbo Transformations
Alligator
74%
Object/Item/Thing Category
Object/Item/Thing
% Correct
Main Characters
Brentilda
71.6%
Puzzles
1
67.8%
Puzzles
5
66.3%
Collectibles
Banjo Trophy
65.5%
Mumbo Transformations
Walrus
64.9%
Puzzles
10
64.5%
Puzzles
2
63.1%
Puzzles
8
63%
Puzzles
7
61.5%
Puzzles
15
61%
Puzzles
9
60.8%
Puzzles
4
60%
Puzzles
12
59.1%
Puzzles
25
56.7%
Note Doors
50
54.9%
Collectibles
Empty Honeycomb Pieces
49.9%
Other Areas
Grunty's Furnace Fun
49.2%
Bosses
Conga
49.1%
Stop 'N' Swop
Blue Mystery Egg
44.9%
Stop 'N' Swop
Ice Key
42.9%
Stop 'N' Swop
Red Mystery Egg
40.4%
Stop 'N' Swop
Yellow Mystery Egg
39.6%
Stop 'N' Swop
Green Mystery Egg
39.1%
Stop 'N' Swop
Pink Mystery Egg
37.9%
Bosses
Nipper
36.1%
Moves
Talon Trot
35.3%
Switches/
Pads
Witch Switch
31.3%
Note Doors
180
31.1%
Moves
Beak Buster
30.6%
Moves
Climb
29.5%
Moves
Egg Firing
29%
Bosses
Zubbas
28.6%
Note Doors
350
27.8%
Note Doors
450
27.1%
Object/Item/Thing Category
Object/Item/Thing
% Correct
Moves
Flying
26.4%
Bosses
Boss Boom Box
25.4%
Note Doors
260
24.8%
Stop 'N' Swop
Cyan Mystery Egg
24.8%
Moves
Beak Bomb
23.2%
Note Doors
810
23.2%
Note Doors
882
22.3%
Moves
Flap Flip
21.4%
Note Doors
640
21.3%
Moves
Wading Boots
20.8%
Moves
Wonderwing
20.3%
Moves
Feathery Flap
20.1%
Other Areas
Top of the Lair
19.6%
Switches/
Pads
Shock Spring Pad
19.6%
Moves
Beak Barge
18.7%
Moves
Claw Swipe
18%
Moves
Turbo Trainers
17.4%
Switches/
Pads
Flying Pad
16.2%
Moves
Rat-a-tat Rap
15.8%
Moves
Forward Roll
15.7%
Note Doors
864
15.5%
Note Doors
765
15.1%
Note Doors
828
14.4%
Note Doors
846
14.4%
Switches/
Pads
Jiggy Switch
12.2%
Moves
Shock Spring Jump
11.9%
Switches/
Pads
Entry/Exit Pad
10.3%
Bosses
Yellow Flibbits
7.9%
Switches/
Pads
Jigsaw Puzzle Pad
7.8%
Bosses
Mutie-Snippits
3.5%
Switches/
Pads
Seasons Switch
3.4%
Switches/
Pads
Water Raise Switch
3.1%
Quiz Playlist
Details
Report
Send in Message
Add To Playlist
More Info:
For the Puzzles and Note Doors categories, I'm looking for a number.
Classic:
Type in answers that appear in a list
Last Updated: Feb 16, 2017
Quiz Scoreboard
CHALLENGE
Sign Up to Join the Scoreboard
Show All
Scores
Hide
Comments
May contain spoilers
Recently Published
Street Fighter Characters
by Artimus82
Gaming
60s
9x9 Crossword: Cartoon Network
by jackfrog10
Miscellaneous
3m
College Basketball Coaching Resumes
by pancakes188
Sports
9m
More to Explore
Quiz From the Vault
Featured Blog Post
Where Did the Easter Bunny Come From?
hide this ad
You Might Also Like...
Tags
bag
banjo
Banjo-Kazooie
Category
Different
item
n64
object
original
Today's Top Quizzes in Gaming
Browse Gaming
hide this ad
Today's Top Quizzes in Different
Browse Different
Top Contributed Quizzes in Gaming
1
5-to-1: Consoles
2
7-to-1: Board Game Piece Blitz
3
5-to-1: Legend of Zelda
4
League of Legends Pro Players by Career/Team History
5
Destiny 2 exotic weapons by perk icons
6
Ultimate Genshin Impact Logic Puzzle (up to 4.3)
7
Franchise by Action Figure
8
Who's on the WWE 2K24 Cover?
9
Genshin Impact Logic Puzzle Quiz
10
Order the Pokémon Regions
Explore More
Trending Topics
Kpop
Harry Potter
Crossword
Marvel
Disney
NBA
Anime
WWE
Puzzle
Pokémon
The Office
Song
Soccer
NFL
Country
hide this ad
More By:
Big_Bear
Quiz
Plays
Rating
Category
Featured
Created
N64 Controller
7,944
2.70
Gaming
Nov 11, 2009
GameCube Controller
4,126
3.53
Gaming
Nov 19, 2009
Nintendo 64 Trivia
3,779
3.10
Gaming
Nov 11, 2009
Fast Food Places by Most Popular Item
3,183
2.00
Just For Fun
Feb 3, 2010
Profile: Link
2,941
3.36
Gaming
Dec 15, 2010
Go to Creator's Profile
Score Distribution
Quiz Creator Spotlight
Big_Bear
Follow
Send a Message
Quizzes Created
-
Created Quiz Play Count
-
More By This Creator
Popular Quizzes Today
1
Find the US States - No Outlines Minefield
2
Find the Countries of Europe - No Outlines Minefield
3
The Countries of the World
4
Find the US States
5
Risky Map Clicking: Biggest States A-Z
6
US States
7
Popular People in 1961
8
Movies - When Are They Set?
More Gaming Quizzes
Sliding Pokémon Blitz
Editor's Pick
Trending Quizzes
Risky Map Clicking: Least Populous States A-Z
Countries of the World: 200 Million BC
Billboard Blitz: Aretha Franklin
1-10 Letter G Words
Famous Russians: Author or Composer?
Recently Updated
Leaping Animals
pecheneg
Reality TV Shows (A-Z)
bhenderson79
Rickey Henderson's Hall of Fame Teammates
pecheneg
Champions League XIs: Arsenal
pecheneg
Quick Pick: Celebrities in WWE's Hall of Fame
aduchscher
A-Z Keypad Blitz II
pecheneg
Multiple Oscar Actors
pecheneg
Mystery Phrase Blitz: Oscar 'Best Actors'
pecheneg
F. Scott Fitzgerald Novels
LTH
Pick 3 Villains
ddd62291
Trending Topics
Anime
Disney
Harry Potter
Marvel
NBA
Crossword
Kpop
The Office
WWE
Soccer
Pokémon
Song
Country
Puzzle
NFL
Your Account Isn't Verified!
In order to create a playlist on Sporcle, you need to verify the email address you used during registration. Go to your
Sporcle Settings
to finish the process.
Report this User
Report this user for behavior that violates our
Community Guidelines
.
Details:
Send Report
Go to the Sporcle.com Mobile Site →
Comments